ジムリーダーの名前 - Statistics

General Stats
  • This quiz has been taken 180 times
  • The average score is 34 of 78
Answer Stats
名前 タイプ % Correct
タケシ いわ
91%
カスミ みず
88%
サカキ じめん
71%
エリカ くさ
70%
マチス でんき
69%
フウ エスパー
69%
カツラ ほのお
67%
デンジ でんき
65%
キョウ どく
64%
ナツメ エスパー
61%
アカネ ノーマル
60%
ラン エスパー
60%
カミツレ でんき
60%
アイリス ドラゴン
59%
デント くさ
58%
フウロ ひこう
57%
ナンジャモ でんき
53%
グリーン
52%
ナタネ くさ
52%
ミカン はがね
51%
ミクリ みず
50%
メリッサ ゴースト
49%
ヤーコン じめん
49%
シトロン でんき
49%
アオキ ノーマル
49%
ハヤト ひこう
48%
ヒョウタ いわ
48%
イブキ ドラゴン
47%
アンズ どく
46%
ツツジ いわ
46%
チェレン ノーマル
46%
サイトウ かくとう
46%
テッセン でんき
44%
マツバ ゴースト
43%
センリ ノーマル
43%
スモモ かくとう
43%
スズナ こおり
43%
シャガ ドラゴン
43%
ナギ ひこう
42%
キバナ ドラゴン
42%
ツクシ むし
40%
マキシ みず
39%
コルニ かくとう
39%
アスナ ほのお
38%
オニオン ゴースト
38%
ヤナギ こおり
37%
グルーシャ こおり
37%
トウガン はがね
36%
コーン みず
36%
ハチク こおり
36%
ホミカ どく
36%
カブ ほのお
36%
シジマ かくとう
35%
アロエ ノーマル
35%
アーティ むし
35%
ポッド ほのお
34%
ネズ あく
34%
ビオラ むし
33%
ハイダイ みず
33%
トウキ かくとう
32%
ヤロー くさ
32%
ウルップ こおり
31%
メロン こおり
31%
ザクロ いわ
30%
フクジ くさ
30%
ルリナ みず
30%
アダン みず
28%
マーシュ フェアリー
28%
ゴジカ エスパー
26%
ポプラ フェアリー
26%
マクワ いわ
26%
カエデ むし
24%
シズイ みず
22%
コルサ くさ
20%
ライム ゴースト
20%
リップ エスパー
20%
マリィ あく
19%
ビート フェアリー
18%
No matching quizzes found
Score Distribution
Percent of People with Each Score
Percentile by Number Answered
Your Score History
You have not taken this quiz